[Event "TCh-FRA Top 12 2021"]
[Site "Chalons en Champagne FRA"]
[Date "2021.06.30"]
[Round "7.1"]
[Board "5"]
[White "Savina, Anastasia"]
[Black "Jaouen, Valentin"]
[Result "1-0"]
[WhiteTitle "IM"]
[WhiteElo "2333"]
[BlackElo "2112"]
[WhiteTeam "Vandoeuvre Echecs"]
[BlackTeam "Echiquier de l'Erdre"]
[WhiteFideId "4196872"]
[BlackFideId "20631294"]
[EventDate "2021.06.24"]

1. d4 Nf6 2. c4 c5 3. d5 d6 4. Nc3 g6 5. e4 Bg7 6. f3 O-O 7. Bg5 Ne8 8. Qd2 f5
9. exf5 Bxf5 10. h4 Bf6 11. Bxf6 exf6 12. O-O-O a6 13. Nge2 b5 14. g4 Bc8 15.
Nf4 b4 16. Ne4 Ng7 17. h5 g5 18. h6 Ne8 19. Nh5 Nd7 20. f4 gxf4 21. Nxf4 Ne5 22.
Be2 Kh8 23. Rhf1 Qe7 24. Ng3 Nxg4 25. Bxg4 Bxg4 26. Rde1 Qf7 27. Ne6 Bxe6 28.
dxe6 Qg6 29. Nf5 Qg5 30. Qxg5 fxg5 31. e7 Rf6 32. Nxd6 Rf4 33. Nf7+ Kg8 34. Nxg5
Rxf1 35. Rxf1 Nd6 36. Ne6 Nf7 37. Nc7 1-0

[Event "TCh-FRA Top 12 2021"]
[Site "Chalons en Champagne FRA"]
[Date "2021.06.30"]
[Round "7.1"]
[Board "6"]
[White "Le Pen, Steven"]
[Black "Adrian, Claude"]
[Result "1/2-1/2"]
[BlackTitle "IM"]
[WhiteElo "2107"]
[BlackElo "2240"]
[WhiteTeam "Echiquier de l'Erdre"]
[BlackTeam "Vandoeuvre Echecs"]
[WhiteFideId "612197"]
[BlackFideId "601071"]
[EventDate "2021.06.24"]

1. e4 c5 2. Nf3 g6 3. d4 cxd4 4. Nxd4 Nc6 5. c4 Bg7 6. Be3 Nh6 7. Nc3 d6 8. f3
f5 9. Nxc6 bxc6 10. Qd2 Nf7 11. Be2 O-O 12. O-O fxe4 13. Nxe4 d5 14. Nc5 e5 15.
b4 d4 16. Bf2 Bh6 17. Qc2 Nd6 18. Bd3 Nf5 19. Be4 Ne3 20. Bxe3 Bxe3+ 21. Kh1 Bf5
22. Qa4 Bxe4 23. Nxe4 Qd7 1/2-1/2

[Event "TCh-FRA Top 12 2021"]
[Site "Chalons en Champagne FRA"]
[Date "2021.06.30"]
[Round "7.1"]
[Board "7"]
[White "Thomas, Anysia"]
[Black "Prodhomme, Boris"]
[Result "1-0"]
[WhiteTitle "WFM"]
[WhiteElo "2175"]
[BlackElo "2031"]
[WhiteTeam "Vandoeuvre Echecs"]
[BlackTeam "Echiquier de l'Erdre"]
[WhiteFideId "670472"]
[BlackFideId "640034"]
[EventDate "2021.06.24"]

1. d4 d5 2. c4 c6 3. Nf3 Nf6 4. e3 Bf5 5. Nc3 a6 6. Qb3 Ra7 7. c5 Nbd7 8. Na4 e5
9. dxe5 Ne4 10. Be2 Qa5+ 11. Bd2 Nxd2 12. Nxd2 Bxc5 13. Nxc5 Nxc5 14. Qd1 Nd3+
15. Bxd3 Bxd3 16. Qg4 Bg6 17. O-O O-O 18. Nb3 Qc7 19. Qd4 b6 20. Rac1 Qb7 21.
Rfd1 Rd8 22. Qh4 Qd7 23. Rxc6 f6 24. Rd6 Qe7 25. Rxd8+ Qxd8 26. exf6 gxf6 27.
Nd4 Rd7 28. h3 Rd6 29. Qg3 Kf7 30. Rc1 Qd7 31. Qf4 Bd3 32. Nf3 Kg7 33. Qg3+ Bg6
34. a3 Rc6 35. Rxc6 Qxc6 36. Kh2 Qc2 37. b4 b5 38. Nd4 Qc3 39. h4 h5 40. Ne6+
Kh6 41. Qf4+ Kh7 42. Qc7+ Qxc7+ 43. Nxc7 Kg7 44. Nxa6 Be8 45. Nc7 Bc6 46. Ne6+ 1-0

[Event "TCh-FRA Top 12 2021"]
[Site "Chalons en Champagne FRA"]
[Date "2021.06.30"]
[Round "7.1"]
[Board "8"]
[White "Ruhlmann, Helene"]
[Black "Mathieu, Phileas"]
[Result "0-1"]
[BlackTitle "FM"]
[WhiteElo "1816"]
[BlackElo "2240"]
[WhiteTeam "Echiquier de l'Erdre"]
[BlackTeam "Vandoeuvre Echecs"]
[WhiteFideId "20643209"]
[BlackFideId "36048410"]
[EventDate "2021.06.24"]

1. d4 Nf6 2. c4 c5 3. d5 b5 4. cxb5 a6 5. bxa6 g6 6. Nc3 Bg7 7. e4 O-O 8. a7
Rxa7 9. Nf3 e6 10. Be2 exd5 11. exd5 d6 12. O-O Na6 13. Nb5 Rd7 14. Bc4 Bb7 15.
Qb3 Qa8 16. Rd1 Nb4 17. Bf4 Rfd8 18. Nc3 Rb8 19. a3 Na6 20. Nb5 Ne8 21. Qc2 Nac7
22. Nxc7 Nxc7 23. Qd2 Ba6 24. Bxa6 Rxb2 25. Qd3 Qxa6 26. Qxa6 Nxa6 27. Rab1 c4
28. Rxb2 Bxb2 29. Ne1 Nc7 30. Nc2 Kg7 31. Kf1 Kf6 32. h4 Kf5 33. g3 Kf6 34. Bg5+
Kg7 35. Be3 Bf6 36. Bf4 Nb5 37. Bd2 Ra7 38. Bb4 Ra4 39. Ne3 Bc3 40. Nxc4 Bxb4
41. axb4 Rxb4 42. Ne3 h5 43. Rc1 Kf6 44. Ke2 Ke5 45. Rc8 Kf6 46. Rc1 Ke7 47. Kd3
f5 48. f4 Rd4+ 49. Ke2 Rb4 50. Kd3 Rd4+ 51. Ke2 Ra4 52. Kd3 Rb4 53. Ke2 Rb3 54.
Rc4 Nc3+ 55. Kf2 Ne4+ 56. Rxe4+ fxe4 57. f5 Rxe3 0-1

[Event "TCh-FRA Top 12 2021"]
[Site "Chalons en Champagne FRA"]
[Date "2021.06.30"]
[Round "7.2"]
[Board "1"]
[White "Kirk, Ezra"]
[Black "Vocaturo, Daniele"]
[Result "1/2-1/2"]
[WhiteTitle "IM"]
[BlackTitle "GM"]
[WhiteElo "2447"]
[BlackElo "2617"]
[WhiteTeam "Echiquier Agenais"]
[BlackTeam "Clichy Echecs 92"]
[WhiteFideId "600067"]
[BlackFideId "813192"]
[EventDate "2021.06.24"]

1. e4 e5 2. Nf3 Nc6 3. Nc3 Nf6 4. Bb5 Bb4 5. O-O O-O 6. d3 Bxc3 7. bxc3 d6 8.
Bg5 Qe7 9. Re1 h6 10. Bh4 a6 11. Bxc6 bxc6 12. Nd2 Qe6 13. Bg3 Nd7 14. Nc4 f5
15. exf5 Qxf5 16. Na5 Nb8 17. Rb1 Qf7 18. Qd2 Be6 19. c4 c5 20. Rf1 Nd7 21. f4
exf4 22. Rxf4 Nf6 23. Rbf1 Qd7 24. Nb3 1/2-1/2

[Event "TCh-FRA Top 12 2021"]
[Site "Chalons en Champagne FRA"]
[Date "2021.06.30"]
[Round "7.2"]
[Board "2"]
[White "Hamdouchi, Hicham"]
[Black "Louis, Thibault"]
[Result "1-0"]
[WhiteTitle "GM"]
[BlackTitle "FM"]
[WhiteElo "2561"]
[BlackElo "2269"]
[WhiteTeam "Clichy Echecs 92"]
[BlackTeam "Echiquier Agenais"]
[WhiteFideId "9000011"]
[BlackFideId "681369"]
[EventDate "2021.06.24"]

1. e4 c6 2. d3 d5 3. Nd2 g6 4. g3 Bg7 5. Bg2 dxe4 6. dxe4 Nf6 7. Ngf3 O-O 8. O-O
Qc7 9. Re1 Nbd7 10. a4 Ne5 11. Nxe5 Qxe5 12. h3 Qc7 13. Qe2 Nd7 14. Nc4 b6 15.
e5 Ba6 16. e6 Nc5 17. exf7+ Rxf7 18. a5 Bd4 19. Bf4 Rxf4 20. gxf4 Qxf4 21. axb6
Rf8 22. bxa7 Bxf2+ 23. Kh1 Bxc4 24. Qe5 Qh4 25. a8=Q Bd4 26. Qxe7 Qf2 27. Bxc6
Bxb2 28. Bd5+ 1-0

[Event "TCh-FRA Top 12 2021"]
[Site "Chalons en Champagne FRA"]
[Date "2021.06.30"]
[Round "7.2"]
[Board "3"]
[White "Ternault, Mathieu"]
[Black "Tregubov, Pavel V."]
[Result "0-1"]
[WhiteTitle "FM"]
[BlackTitle "GM"]
[WhiteElo "2308"]
[BlackElo "2557"]
[WhiteTeam "Echiquier Agenais"]
[BlackTeam "Clichy Echecs 92"]
[WhiteFideId "20641532"]
[BlackFideId "4115341"]
[EventDate "2021.06.24"]

1. d4 Nf6 2. Nf3 d5 3. Bf4 c5 4. e3 Nc6 5. Nbd2 cxd4 6. exd4 Bf5 7. Bb5 e6 8.
O-O Bd6 9. Bxd6 Qxd6 10. c4 O-O 11. c5 Qf4 12. Bxc6 bxc6 13. Qa4 Rfc8 14. Rfe1
Nd7 15. Qa5 Qc7 16. Qc3 a5 17. Nf1 Rcb8 18. Ng3 Bg6 19. Ne5 Nxe5 20. Rxe5 Rb4
21. b3 Qb7 22. h4 h6 23. h5 Bh7 24. Nf1 Qe7 25. a3 Rb5 26. Rae1 Rab8 27. Nd2 Qh4
28. R1e3 Bf5 29. f3 Qxh5 30. g4 Qg6 31. Kf2 Bc2 32. Ke1 Bxb3 33. Nxb3 Rxb3 34.
Qxb3 Rxb3 35. Rxb3 Qc2 36. Ree3 a4 37. Rbc3 Qg2 38. Rcd3 g6 39. Re2 Qg1+ 40. Kd2
Kf8 41. Re1 Qh2+ 42. Ke3 e5 43. dxe5 Qxe5+ 44. Kf2 Qh2+ 45. Kf1 Qc2 0-1

[Event "TCh-FRA Top 12 2021"]
[Site "Chalons en Champagne FRA"]
[Date "2021.06.30"]
[Round "7.2"]
[Board "5"]
[White "Favarel, Julien"]
[Black "Delorme, Axel"]
[Result "1/2-1/2"]
[WhiteTitle "FM"]
[BlackTitle "GM"]
[WhiteElo "2338"]
[BlackElo "2480"]
[WhiteTeam "Echiquier Agenais"]
[BlackTeam "Clichy Echecs 92"]
[WhiteFideId "633453"]
[BlackFideId "632023"]
[EventDate "2021.06.24"]

1. e4 e5 2. Nf3 Nc6 3. Nc3 Nf6 4. Bb5 d6 5. d4 Bd7 6. O-O exd4 7. Nxd4 Be7 8.
Nxc6 bxc6 9. Bd3 O-O 10. f4 Re8 11. h3 Bf8 12. Qf3 Rb8 13. b3 Bc8 14. Bb2 Nd7
15. Rae1 Nc5 16. Bc4 Be6 17. Bxe6 fxe6 18. Ne2 Qd7 19. Ng3 Qf7 20. Qg4 Qg6 21.
Qf3 Qf7 22. Qg4 Qg6 23. Qf3 Qf7 1/2-1/2

[Event "TCh-FRA Top 12 2021"]
[Site "Chalons en Champagne FRA"]
[Date "2021.06.30"]
[Round "7.2"]
[Board "6"]
[White "Harutyunyan, Ruben"]
[Black "Boukhris-Ferre, Yacine"]
[Result "1/2-1/2"]
[WhiteTitle "FM"]
[WhiteElo "2401"]
[BlackElo "2185"]
[WhiteTeam "Clichy Echecs 92"]
[BlackTeam "Echiquier Agenais"]
[WhiteFideId "26042410"]
[BlackFideId "697087"]
[EventDate "2021.06.24"]

1. Nf3 d5 2. g3 Nc6 3. d4 Bg4 4. Bg2 Qd7 5. h3 Bxf3 6. exf3 O-O-O 7. c3 e6 8. f4
f5 9. Be3 Nf6 10. Nd2 Kb8 11. Qe2 Ne4 12. Nxe4 fxe4 13. O-O Ne7 14. b4 Nf5 15.
b5 h5 16. h4 Be7 17. Bh3 Rh6 18. Rfb1 Rg6 19. Bxf5 exf5 20. Kf1 Rg4 21. Ke1 Bd6
22. Kd2 Rg6 23. a4 c5 24. bxc6 Qxc6 25. Qb5 Be7 26. Rb3 Rd7 27. Rab1 Rf6 28. Kc2
g6 29. Bc1 Re6 30. Qxc6 Rxc6 31. Ba3 Rc4 32. Bb4 Bxb4 33. Rxb4 Rxb4 34. Rxb4 Kc7
35. Rb5 b6 36. Rb2 Rd6 37. Rb5 a6 38. Rb4 Kc6 1/2-1/2

[Event "TCh-FRA Top 12 2021"]
[Site "Chalons en Champagne FRA"]
[Date "2021.06.30"]
[Round "7.2"]
[Board "7"]
[White "Roubert, Emile"]
[Black "Mouhamad, Joachim"]
[Result "1-0"]
[BlackTitle "FM"]
[WhiteElo "2067"]
[BlackElo "2239"]
[WhiteTeam "Echiquier Agenais"]
[BlackTeam "Clichy Echecs 92"]
[WhiteFideId "680311"]
[BlackFideId "656410"]
[EventDate "2021.06.24"]

1. e4 e5 2. Nf3 Nc6 3. Bb5 a6 4. Ba4 Nf6 5. Nc3 b5 6. Bb3 Be7 7. a4 b4 8. Nd5
O-O 9. Nxf6+ Bxf6 10. Bd5 Bb7 11. d3 Rb8 12. b3 Na5 13. Bxb7 Nxb7 14. Bb2 Re8
15. Qe2 Nc5 16. O-O-O d6 17. h4 Qd7 18. Ng5 Bxg5+ 19. hxg5 Ne6 20. Qg4 Qe7 21.
f4 Nxf4 22. Kb1 Qe6 23. Qh4 Qg6 24. Bc1 Ne6 25. Rh3 Rbd8 26. Be3 a5 27. Rf1 d5
28. Rg3 dxe4 29. dxe4 Nf4 30. Bxf4 exf4 31. Qxf4 c5 32. Qc7 Rc8 33. Qxa5 Qxe4
34. Rgf3 c4 35. Qxb4 Rb8 36. Qa3 cxb3 37. Rxb3 Qxg2 38. Rf5 Rbc8 39. Rc3 Rb8+
40. Rb3 Rbc8 41. Rc3 g6 42. Rb5 Rcd8 43. Qb2 h5 44. gxh6 Qh1+ 45. Ka2 Qxh6 46.
Rb7 Qf4 47. Rb4 Qf6 48. a5 Ra8 49. Rb5 Ra6 50. Qb4 Kg7 51. Rb6 Rxb6 52. axb6
Ra8+ 53. Ra3 Rb8 54. b7 Qe6+ 55. Rb3 Qe5 56. c4 Qe6 57. Qb5 Qe7 58. c5 f5 59. c6
Kf6 60. Qc4 Qc7 61. Qd5 g5 62. Rh3 g4 63. Rh5 Qf4 64. Rh7 Qf2+ 65. Kb3 Qg3+ 66.
Kc4 Qf4+ 67. Qd4+ Qxd4+ 68. Kxd4 g3 69. Ke3 Ke5 70. Rd7 Rg8 71. Rd1 g2 1-0

[Event "TCh-FRA Top 12 2021"]
[Site "Chalons en Champagne FRA"]
[Date "2021.06.30"]
[Round "7.2"]
[Board "8"]
[White "Benmesbah, Natacha"]
[Black "Gennesseaux, Gabrielle"]
[Result "1-0"]
[WhiteTitle "WIM"]
[WhiteElo "2223"]
[BlackElo "1799"]
[WhiteTeam "Clichy Echecs 92"]
[BlackTeam "Echiquier Agenais"]
[WhiteFideId "642002"]
[BlackFideId "20686684"]
[EventDate "2021.06.24"]

1. e4 e6 2. d3 d5 3. Qe2 dxe4 4. dxe4 e5 5. g3 Nc6 6. c3 Nf6 7. Bg2 a5 8. Nf3
Bc5 9. O-O O-O 10. Nbd2 b6 11. Nb3 Ba6 12. c4 Bd6 13. Rd1 Qe7 14. Bg5 a4 15.
Nbd2 h6 16. Be3 Na5 17. Nh4 Qe6 18. b3 Bb4 19. Rab1 Rfd8 20. Nf5 axb3 21. axb3
Bxd2 22. Rxd2 Nxb3 23. Rxd8+ Rxd8 24. Qf3 Bxc4 25. Bh3 Kh7 26. Nxg7 Qxh3 27.
Qxf6 Nd2 28. Bxd2 Rxd2 29. Nf5 1-0

[Event "TCh-FRA Top 12 2021"]
[Site "Chalons en Champagne FRA"]
[Date "2021.06.30"]
[Round "7.3"]
[Board "1"]
[White "Naiditsch, Arkadij"]
[Black "Sochacki, Christophe"]
[Result "1-0"]
[WhiteTitle "GM"]
[BlackTitle "IM"]
[WhiteElo "2649"]
[BlackElo "2494"]
[WhiteTeam "Bischwiller"]
[BlackTeam "US Villejuif Echecs"]
[WhiteFideId "4650891"]
[BlackFideId "662569"]
[EventDate "2021.06.24"]

1. Nf3 Nf6 2. g3 b5 3. Bg2 Bb7 4. O-O e6 5. d3 c5 6. e4 d5 7. exd5 exd5 8. Nh4
Qd7 9. Qf3 Nc6 10. Re1+ Be7 11. Nf5 O-O 12. Nxe7+ Nxe7 13. Bg5 Ng6 14. Nc3 Ng4
15. Nxd5 N4e5 16. Qe4 f5 17. Ne7+ Qxe7 18. Qxb7 Qxg5 19. f4 Nxf4 20. gxf4 Qxf4
21. Qd5+ Nf7 22. Re7 Rae8 23. Qxf7+ 1-0

[Event "TCh-FRA Top 12 2021"]
[Site "Chalons en Champagne FRA"]
[Date "2021.06.30"]
[Round "7.3"]
[Board "2"]
[White "Dourerassou, Jonathan"]
[Black "Rodshtein, Maxim"]
[Result "1/2-1/2"]
[WhiteTitle "GM"]
[BlackTitle "GM"]
[WhiteElo "2477"]
[BlackElo "2614"]
[WhiteTeam "US Villejuif Echecs"]
[BlackTeam "Bischwiller"]
[WhiteFideId "628050"]
[BlackFideId "2806851"]
[EventDate "2021.06.24"]

1. e4 c5 2. Nf3 d6 3. d4 cxd4 4. Nxd4 Nf6 5. Nc3 a6 6. h3 e6 7. g4 Nfd7 8. Bg2
Be7 9. Be3 Nc6 10. Qe2 Nxd4 11. Bxd4 O-O 12. O-O-O Qc7 13. f4 b5 14. e5 dxe5 15.
fxe5 Bb7 16. Bxb7 Qxb7 17. Rhf1 Qc7 18. Kb1 Rad8 19. Ne4 Nxe5 20. Qh2 Qc4 21. b3
Qc6 22. Qg2 Qc7 23. Qg3 Qc6 24. Qg2 Qc7 25. Qg3 Qc6 1/2-1/2

[Event "TCh-FRA Top 12 2021"]
[Site "Chalons en Champagne FRA"]
[Date "2021.06.30"]
[Round "7.3"]
[Board "3"]
[White "Fressinet, Laurent"]
[Black "Eden, James"]
[Result "1-0"]
[WhiteTitle "GM"]
[BlackTitle "IM"]
[WhiteElo "2638"]
[BlackElo "2294"]
[WhiteTeam "Bischwiller"]
[BlackTeam "US Villejuif Echecs"]
[WhiteFideId "608742"]
[BlackFideId "666491"]
[EventDate "2021.06.24"]

1. d4 d5 2. c4 c6 3. Nc3 Nf6 4. e3 a6 5. Nf3 Bf5 6. Qb3 Ra7 7. Nh4 Bc8 8. a4 e6
9. a5 Nbd7 10. cxd5 Nxd5 11. Nf3 Bb4 12. e4 Nxc3 13. bxc3 Bxa5 14. Bg5 Nf6 15.
Qa3 b6 16. Bd3 h6 17. Bh4 c5 18. O-O Bb7 19. Ne5 cxd4 20. Nc4 Qe7 21. Nd6+ Kd7
22. e5 g5 23. Bg3 Ne8 24. cxd4 h5 25. Qb2 Nxd6 26. exd6 Qd8 27. Rfc1 1-0

[Event "TCh-FRA Top 12 2021"]
[Site "Chalons en Champagne FRA"]
[Date "2021.06.30"]
[Round "7.3"]
[Board "4"]
[White "Cantin, Loic"]
[Black "Ragger, Markus"]
[Result "0-1"]
[BlackTitle "GM"]
[WhiteElo "2182"]
[BlackElo "2680"]
[WhiteTeam "US Villejuif Echecs"]
[BlackTeam "Bischwiller"]
[WhiteFideId "679070"]
[BlackFideId "1610856"]
[EventDate "2021.06.24"]

1. d4 Nf6 2. Nf3 g6 3. Nbd2 d5 4. e3 Bg7 5. b4 a5 6. b5 c5 7. bxc6 Nxc6 8. Ba3
O-O 9. c4 Rb8 10. Rc1 Bd7 11. cxd5 Nxd5 12. Bc4 Ncb4 13. e4 Nf4 14. Bxb4 Nxg2+
15. Kf1 Bh3 16. Kg1 axb4 17. Ng5 Nf4 18. Qf3 e5 19. Nxh3 Nxh3+ 20. Qxh3 Qg5+ 21.
Qg3 Qxd2 22. Kg2 exd4 23. h4 Rbc8 24. Qd6 Rc6 25. Qd7 Qf4 26. Rhe1 Be5 27. Qxb7
Rf6 28. Rc2 d3 29. Bxd3 Qf3+ 0-1

[Event "TCh-FRA Top 12 2021"]
[Site "Chalons en Champagne FRA"]
[Date "2021.06.30"]
[Round "7.3"]
[Board "5"]
[White "Bacrot, Etienne"]
[Black "Saatdjian, Stephane"]
[Result "1-0"]
[WhiteTitle "GM"]
[WhiteElo "2678"]
[BlackElo "2131"]
[WhiteTeam "Bischwiller"]
[BlackTeam "US Villejuif Echecs"]
[WhiteFideId "605506"]
[BlackFideId "644480"]
[EventDate "2021.06.24"]

1. e4 c5 2. Nf3 d6 3. Bb5+ Bd7 4. Bxd7+ Qxd7 5. O-O Nc6 6. Re1 g6 7. c3 Bg7 8.
d4 cxd4 9. cxd4 Nf6 10. Nc3 O-O 11. h3 e6 12. Bg5 Rac8 13. Qe2 Na5 14. Rad1 a6
15. e5 Nd5 16. Nxd5 exd5 17. e6 fxe6 18. Qxe6+ Qxe6 19. Rxe6 Rc2 20. Rd2 Rxd2
21. Bxd2 Nc4 22. Bc3 Rf5 23. a4 Kf7 24. Re2 b6 25. b3 Na5 26. Bxa5 bxa5 27. Rc2
Ke6 28. Rc7 Bf6 29. Rxh7 Rf4 30. Kf1 Bxd4 31. Rh4 Rxh4 32. Nxh4 g5 33. Nf3 Bf6
34. Ke2 d4 35. Kd3 Kd5 36. Ne1 Bd8 37. g3 Bf6 38. Nc2 Bg7 39. h4 g4 40. b4 Bf6
41. h5 Bg7 42. bxa5 Kc5 43. Ne1 Kb4 44. f3 Be5 45. fxg4 Kxa5 46. Nf3 1-0

[Event "TCh-FRA Top 12 2021"]
[Site "Chalons en Champagne FRA"]
[Date "2021.06.30"]
[Round "7.3"]
[Board "7"]
[White "Le Roux, Jean-Pierre"]
[Black "Maatoug, Redwan"]
[Result "1/2-1/2"]
[WhiteTitle "GM"]
[WhiteElo "2524"]
[BlackElo "2202"]
[WhiteTeam "Bischwiller"]
[BlackTeam "US Villejuif Echecs"]
[WhiteFideId "609404"]
[BlackFideId "629162"]
[EventDate "2021.06.24"]

1. Nf3 Nf6 2. d4 c5 3. d5 b5 4. Bg5 Qb6 5. Bxf6 Qxf6 6. c3 d6 7. e4 a6 8. a4 b4
9. cxb4 Qxb2 10. Nbd2 Qxb4 11. Be2 g6 12. O-O Qa5 13. e5 Bg7 14. Rb1 O-O 15. Nc4
Qc7 16. exd6 exd6 17. Rb6 Rd8 18. a5 Bb7 19. Ng5 Nd7 20. Rxb7 Qxb7 21. Nxf7 Ne5
22. Ncxd6 Qd7 23. Nxd8 Rxd8 24. Nc4 Nxc4 25. Bxc4 Bd4 26. Qb3 Qd6 27. Qb6 Qxb6
28. axb6 Kf8 29. Re1 Rb8 30. Re6 Kg7 31. Kf1 a5 32. Rc6 a4 33. d6 a3 34. d7 Bf6
35. Rc7 Kh6 36. b7 Be7 37. Ke1 Bd8 38. Rc8 Ba5+ 39. Kd1 Rxb7 40. d8=Q Rb1+ 41.
Kc2 Rb2+ 42. Kc1 Bxd8 43. Rxd8 Rxf2 44. Rd2 Rf4 45. Rc2 Rh4 46. h3 Re4 47. Kb1
Kg5 48. Ka2 Re3 49. Bg8 h5 50. Rxc5+ Kh4 51. Rc2 g5 52. Bd5 g4 53. hxg4 Kxg4 54.
Bb7 h4 55. Rc7 Kg3 56. Rg7+ Kh2 57. Rh7 Kg3 58. Rh6 Rc3 59. Be4 Re3 60. Bc6 Rc3
61. Bb7 Re3 62. Rh8 Rc3 63. Bd5 Re3 64. Rh6 Rd3 65. Bb7 Re3 66. Rg6+ Kh2 67. Rg4
h3 68. gxh3 Kxh3 69. Rg8 Rg3 70. Rf8 Kg4 71. Bd5 Rc3 72. Bb3 Kg5 73. Kxa3 Rc5
74. Kb4 Rf5 75. Rg8+ Kf4 76. Kc4 Ke5 77. Bc2 Rf7 78. Re8+ Kd6 79. Kd4 Rf2 80.
Bd3 Rf4+ 81. Be4 Rf1 82. Rd8+ Ke7 83. Ra8 Rd1+ 84. Ke5 Re1 85. Ra7+ Kf8 86. Rb7
Re2 87. Kf5 Rf2+ 88. Ke6 Re2 89. Rb4 Kg7 90. Ke5 Re1 91. Kf4 Rf1+ 92. Ke5 Re1
93. Kd6 Rd1+ 94. Bd5 Kf6 95. Rb8 Kg7 96. Rb3 Re1 97. Rf3 Rg1 98. Ke7 Re1+ 99.
Be6 Rg1 100. Rf7+ Kh6 101. Rf8 Rg7+ 102. Bf7 Kg5 103. Ke6 Kf4 104. Bg6+ Ke3 105.
Kf5 Ra7 106. Re8+ 1/2-1/2

[Event "TCh-FRA Top 12 2021"]
[Site "Chalons en Champagne FRA"]
[Date "2021.06.30"]
[Round "7.3"]
[Board "8"]
[White "Afraoui, Solenn"]
[Black "Maisuradze, Nino"]
[Result "0-1"]
[BlackTitle "WGM"]
[WhiteElo "1889"]
[BlackElo "2251"]
[WhiteTeam "US Villejuif Echecs"]
[BlackTeam "Bischwiller"]
[WhiteFideId "625167"]
[BlackFideId "13601717"]
[EventDate "2021.06.24"]

1. e4 c5 2. Nf3 Nc6 3. Nc3 e5 4. Bc4 d6 5. d3 Be7 6. O-O Bg4 7. h3 Bh5 8. Nd5
Qd7 9. c3 Nf6 10. a4 O-O 11. Nxf6+ Bxf6 12. Nxe5 Nxe5 13. Qxh5 Qe7 14. Qe2 Nxc4
15. dxc4 Rfe8 16. Re1 g5 17. Qg4 Kh8 18. Bd2 Rg8 19. Rad1 Rg6 20. Bc1 Rag8 21.
Rd5 Be5 22. Red1 Rh6 23. g3 Re6 24. Kg2 Bf6 25. f3 Be5 26. Be3 Qe8 27. b3 h6 28.
Qh5 Qf8 29. Qg4 Bxc3 30. Qf5 Qe7 31. R5d3 Be5 32. Bf2 h5 33. h4 Rf6 34. Qh3 g4
35. fxg4 Rxg4 36. Qh1 Rxe4 37. Kg1 Rg4 38. Re1 Rfg6 39. Qd5 Rxh4 40. Kf1 Rhg4
41. Bxc5 Rf6+ 42. Kg2 Rfg6 43. Bf2 b6 44. a5 h4 45. axb6 axb6 46. Rf3 Kg7 47.
Ree3 hxg3 48. Bxg3 Rxg3+ 49. Rxg3 Rxg3+ 50. Rxg3+ Bxg3 51. Kxg3 Qe5+ 52. Qxe5+
dxe5 53. b4 Kf6 54. b5 Ke6 0-1

[Event "TCh-FRA Top 12 2021"]
[Site "Chalons en Champagne FRA"]
[Date "2021.06.30"]
[Round "7.4"]
[Board "2"]
[White "Oparin, Grigoriy"]
[Black "Topalov, Veselin"]
[Result "1/2-1/2"]
[WhiteTitle "GM"]
[BlackTitle "GM"]
[WhiteElo "2654"]
[BlackElo "2735"]
[WhiteTeam "Asnieres Le Grand Echiquier"]
[BlackTeam "Echiquier Chalonnais"]
[WhiteFideId "24125890"]
[BlackFideId "2900084"]
[EventDate "2021.06.24"]

1. Nf3 d5 2. g3 g6 3. Bg2 Bg7 4. d4 Nf6 5. O-O O-O 6. c4 c6 7. b3 Ne4 8. Bb2 Bf5
9. e3 Nd7 10. Qe2 Re8 11. Rd1 Qc7 12. Na3 a6 13. Rac1 Qa5 14. Qe1 Qb6 15. Qe2
Rad8 16. cxd5 cxd5 17. Ne5 h5 18. f3 Nef6 19. h3 g5 20. g4 Bh7 21. Nb1 e6 22.
Qf2 hxg4 23. hxg4 Rc8 24. Nxd7 Nxd7 25. Nc3 Qa5 26. Qd2 Bg6 27. e4 dxe4 28. Nxe4
Qxa2 29. Nd6 Rxc1 30. Rxc1 Rf8 31. Rc7 Nf6 32. Rxb7 Rd8 33. Nc4 Nh7 34. Bf1
Bxd4+ 35. Bxd4 Qxd2 36. Nxd2 Rxd4 37. Nc4 Rd5 38. Ra7 Bd3 39. Rxa6 Bxf1 40. Kxf1
Rd3 41. Kf2 Rxb3 42. Ra7 Rb8 43. Ne5 Rf8 44. Nd7 Rc8 45. Ne5 Rf8 46. Nd7 1/2-1/2

[Event "TCh-FRA Top 12 2021"]
[Site "Chalons en Champagne FRA"]
[Date "2021.06.30"]
[Round "7.4"]
[Board "3"]
[White "Fedorchuk, Sergey A."]
[Black "Movsesian, Sergei"]
[Result "1/2-1/2"]
[WhiteTitle "GM"]
[BlackTitle "GM"]
[WhiteElo "2616"]
[BlackElo "2647"]
[WhiteTeam "Echiquier Chalonnais"]
[BlackTeam "Asnieres Le Grand Echiquier"]
[WhiteFideId "14102536"]
[BlackFideId "310204"]
[EventDate "2021.06.24"]

1. e4 c6 2. d4 d5 3. Nc3 dxe4 4. Nxe4 Bf5 5. Ng3 Bg6 6. Nh3 e6 7. Nf4 Nf6 8. c3
Bd6 9. h4 Qc7 10. Qf3 Nbd7 11. h5 Bc2 12. h6 g6 13. Bd3 Bxd3 14. Nxd3 Qa5 15.
Bf4 Bxf4 1/2-1/2

[Event "TCh-FRA Top 12 2021"]
[Site "Chalons en Champagne FRA"]
[Date "2021.06.30"]
[Round "7.4"]
[Board "4"]
[White "Alekseenko, Kirill"]
[Black "Edouard, Romain"]
[Result "1/2-1/2"]
[WhiteTitle "GM"]
[BlackTitle "GM"]
[WhiteElo "2699"]
[BlackElo "2598"]
[WhiteTeam "Asnieres Le Grand Echiquier"]
[BlackTeam "Echiquier Chalonnais"]
[WhiteFideId "4135539"]
[BlackFideId "633429"]
[EventDate "2021.06.24"]

1. e4 e6 2. d4 d5 3. e5 c5 4. c3 Nc6 5. Nf3 Bd7 6. Be2 f6 7. O-O fxe5 8. dxe5 g6
9. c4 d4 10. Nbd2 Qc7 11. Ne4 Nxe5 12. Nxe5 Qxe5 13. Bf3 Nf6 14. Ng5 h6 15. Re1
Qd6 16. Ne4 Nxe4 17. Bxe4 O-O-O 18. Qf3 Bc6 19. Bxc6 Qxc6 20. Qxc6+ bxc6 21.
Rxe6 Rd6 22. Re4 Kd7 23. Bd2 Re6 24. Rxe6 Kxe6 25. Re1+ Kd7 26. Kf1 Bd6 27. g3
Rb8 28. Rb1 g5 29. f3 Re8 30. Kf2 a5 31. f4 g4 32. h3 gxh3 33. Rh1 Rb8 34. b3 a4
35. Rxh3 axb3 36. axb3 Rxb3 37. Rxh6 Rd3 38. Be1 Ra3 39. Rh7+ Ke8 40. Rh6 Kd7
41. Rh7+ Ke8 42. Ke2 Re3+ 43. Kd1 Rd3+ 44. Kc2 Re3 45. Rh1 Re2+ 46. Bd2 Rg2 47.
Rh3 Kf7 48. Kd3 Kg6 49. Be1 Kg7 50. Ba5 Ra2 51. Bd2 Rb2 52. f5 Rb3+ 53. Ke4 Rxg3
54. Rh6 Rg2 55. Rxd6 Rxd2 56. Rxc6 Re2+ 57. Kd5 Re8 58. Rd6 Rc8 59. Ke5 Re8+ 60.
Kd5 Rc8 61. Ke5 Re8+ 62. Kf4 Re1 63. Rd5 Kf6 64. Rxc5 d3 65. Rd5 Rc1 66. Rd6+
Ke7 67. Rxd3 Rxc4+ 68. Kg5 Rc6 69. f6+ Rxf6 70. Re3+ Re6 71. Rxe6+ Kxe6 1/2-1/2